Pathummayude Aadu_Malayalam (Record no. 38083)

MARC details
000 -LEADER
fixed length control field 02415nam a22001817a 4500
082 ## - DEWEY DECIMAL CLASSIFICATION NUMBER
Classification number 920 MUH
100 ## - MAIN ENTRY--AUTHOR NAME
Personal name Vaikom Muhammad Basheer
245 ## - TITLE STATEMENT
Title Pathummayude Aadu_Malayalam
250 ## - EDITION STATEMENT
Edition statement 1
260 ## - PUBLICATION, DISTRIBUTION, ETC. (IMPRINT)
Name of publisher DC Books
Place of publication Kottayam
Year of publication 2025
300 ## - PHYSICAL DESCRIPTION
Number of Pages Number of pages : 124
500 ## - GENERAL NOTE
General note Category : Novel
520 ## - SUMMARY, ETC.
Summary, etc เดตเตˆเด•เตเด•เด‚ เดฎเตเดนเดฎเตเดฎเดฆเต เดฌเดทเต€เดฑเดฟเดจเตเดฑเต† เดตเดณเดฐเต† เดชเตเดฐเดถเดธเตเดคเดฎเดพเดฏ เดจเต‹เดตเดฒเดพเดฃเต เดชเดพเดคเตเดคเตเดฎเตเดฎเดพเดฏเตเดŸเต† เด†เดŸเต. เดˆ เดจเต‹เดตเดฒเดฟเดจเต เดชเต†เดฃเตเดฃเตเด™เตเด™เดณเตเดŸเต† เดฌเตเดฆเตเดงเดฟ เดŽเดจเตเดจเตŠเดฐเต เดชเต‡เดฐเตเด‚ เด•เต‚เดŸเดฟ เดฌเดทเต€เดฐเตโ€ เดจเดฒเตโ€เด•เดฟเดฏเดฟเดŸเตเดŸเตเดฃเตเดŸเต. เดŽเดฒเตเดฒเดพเดตเดฐเดฟเดฒเตเด‚ เดจเดจเตเดฎเดฏเตเด‚ เดธเตเดจเต‡เดนเดตเตเด‚ เด•เดฃเตเดŸเต†เดคเตเดคเตเดจเตเดจ เด…เดฆเตเดฆเต‡เดนเดคเตเดคเดฟเดจเตเดฑเต† เดœเต€เดตเดฟเดคเดตเต€เด•เตเดทเดฃเด‚ เด•เต‚เดŸเดฟ เดชเตเดฐเด•เดŸเดฎเดพเด•เตเดจเตเดจ เด•เตƒเดคเดฟเดฏเดพเดฃเดฟเดคเต. เดฌเดทเต€เดฑเดฟเดจเตเดฑเต† เด…เดฎเตเดฎเดฏเตเด‚ เดธเดนเต‹เดฆเดฐเด™เตเด™เดณเตเด‚ เด…เดตเดฐเตเดŸเต† เดญเดพเดฐเตเดฏเดฎเดพเดฐเตเด‚ เด•เตเดŸเตเดŸเดฟเด•เดณเตเด‚ เด…เดŸเด™เตเด™เตเดจเตเดจ เดตเดฒเดฟเดฏ เด•เต‚เดŸเตเดŸเตเด•เตเดŸเตเด‚เดฌเด‚ เด’เดฐเต เดšเต†เดฑเดฟเดฏ เดตเต€เดŸเตเดŸเดฟเดฒเตโ€ เด’เดฐเตเดฎเดฟเดšเตเดšเดพเดฃเต เด•เดดเดฟเดžเตเดžเดฟเดฐเตเดจเตเดจเดคเต. เด…เดตเดฟเดŸเต† เดจเดŸเด•เตเด•เตเดจเตเดจ เดฆเตˆเดจเด‚เดฆเดฟเดจ เดธเด‚เดญเดต เดตเดฟเด•เดพเดธเด™เตเด™เดณเตโ€ เดคเดจเตเดฑเต† เดคเดจเดคเต เดถเตˆเดฒเดฟเดฏเดฟเดฒเตโ€ เดตเดฟเดตเดฐเดฟเดšเตเดšเดฟเดฐเดฟเด•เตเด•เตเด•เดฏเดพเดฃเต เดฌเดทเต€เดฐเตโ€ เดˆ เดจเต‹เดตเดฒเดฟเดฒเตโ€. เด† เดตเต€เดŸเตเดŸเดฟเดฒเต† เด“เดฐเต‹ เด•เตเดŸเตเด‚เดฌเดพเด‚เด—เดตเตเด‚ เดŽเดจเตเดจเตเดฎเดพเดคเตเดฐเดฎเดฒเตเดฒ, เดฌเดทเต€เดฑเดฟเดจเตเดฑเต† เดธเดนเต‹เดฆเดฐเดฟ เดชเดพเดคเตเดคเตเดฎเตเดฎ เดตเดณเดฐเตโ€เดคเตเดคเตเดจเตเดจ เด†เดŸเต เดตเดฐเต† เดˆ เดจเต‹เดตเดฒเดฟเดฒเต† เด•เดฅเดพเดชเดพเดคเตเดฐเด™เตเด™เดณเดพเดฃเต. เดจเต‹เดตเดฒเดฟเดฒเต† เดชเตเดฐเดงเดพเดจ เด•เดฅเดพเดชเดพเดคเตเดฐเดฎเดพเดฃเต เดชเดพเดคเตเดคเตเดฎเตเดฎ. เดชเต‡เดฐเต เดธเต‚เดšเดฟเดชเตเดชเดฟเด•เตเด•เตเด‚ เดชเต‹เดฒเต† เดˆ เดชเดพเดคเตเดคเตเดฎเตเดฎเดฏเตเดŸเต† เด†เดŸเดฟเดจเต† เดšเตเดฑเตเดฑเดฟเดชเตเดชเดฑเตเดฑเดฟเดฏเดพเดฃเต เดจเต‹เดตเดฒเดฟเดจเตเดฑเต† เด•เดฅเดพเด—เดคเดฟ.
546 ## - LANGUAGE NOTE
Language note Language : Malayalam
650 ## - SUBJECT ADDED ENTRY--TOPICAL TERM
Topical Term GEN
942 ## - ADDED ENTRY ELEMENTS (KOHA)
Koha item type Text Book
952 ## - LOCATION AND ITEM INFORMATION (KOHA)
Damaged status
Not for loan
Holdings
Withdrawn status Collection code Permanent Location Current Location Date acquired Source of acquisition Cost, normal purchase price Inventory number Full call number Accession Number Price effective from Koha item type
  GENERAL VAST Central Library VAST Central Library 25/11/2025 Dc Bookshop,Thrissur 160.00 000729 920 MUH 38220 17/12/2025 Text Book